Gaming Quiz

Random Gaming or Math Quiz

Gaming Multiplication Quiz Stats

 Plays Quiz not verified by Sporcle

Score 0/14 Timer 05:00
0 Plays Today
Number of... # % Correct
Mario brothers400
78.9%
Highest number on standard die36
74.6%
Card suits20
74.1%
Nintendo _418
71.9%
Squares on a chessboard64
70.7%
Monopoly railroads40
69.8%
Modes in Minecraft12
66.6%
Number of... # % Correct
____ Card Draw (poker)25
59.7%
Sporcle quizzes played, all-time0
59.5%
Goddesses that created Hyrule in Legend of Zelda24
56.3%
Pac-Man ghosts80
54.9%
Jokers in a deck of cards302
53.4%
Oregon Trail careers21
32.5%
E tiles in Scrabble60
30.1%

You're not logged in!

Compare scores with friends on all Sporcle quizzes.
OR
Log In

Sporcle TV

Today on Sporcle TV


Watch our educational content, quiz creation guides, and fun videos on Sporcle TV.

Show Comments

Extras

Top Quizzes Today


Score Distribution

Your Account Isn't Verified!

In order to create a playlist on Sporcle, you need to verify the email address you used during registration. Go to your Sporcle Settings to finish the process.

Report this User

Report this user for behavior that violates our Community Guidelines.

Details: